Fr. Conceicao Rodrigues College of Engineering

Advanced engg mathemathics (Record no. 32274)

MARC details
000 -LEADER
fixed length control field 00306nam a2200145Ia 4500
082 ## - DEWEY DECIMAL CLASSIFICATION NUMBER
Classification number 510
Item number KRE
100 ## - MAIN ENTRY--PERSONAL NAME
Personal name Kreyszig/E
245 ## - TITLE STATEMENT
Title Advanced engg mathemathics
260 ## - PUBLICATION, DISTRIBUTION, ETC.
Name of publisher, distributor, etc. John wiley
Place of publication, distribution, etc. Singapore
Date of publication, distribution, etc. 1993
300 ## - PHYSICAL DESCRIPTION
Extent 1294
546 ## - LANGUAGE NOTE
Language note ENGLISH
654 ## - SUBJECT ADDED ENTRY--FACETED TOPICAL TERMS
Focus term mathemathics
942 ## - ADDED ENTRY ELEMENTS (KOHA)
Koha item type BOOK
Holdings
Withdrawn status Lost status Damaged status Not for loan Collection Home library Current library Date acquired Source of acquisition Cost, normal purchase price Inventory number Total Checkouts Full call number Barcode Date last seen Cost, replacement price Price effective from Koha item type Date last checked out
        CRC Fr. Agnel's C.Rodrigues College of Engineering Fr. Agnel's C.Rodrigues College of Engineering 17/03/2023 Progressive Books 542.30 2056 dt 05.9.92   510 KRE 3809 17/03/2023 542.30 05/09/1992 BOOK  
        CRC Fr. Agnel's C.Rodrigues College of Engineering Fr. Agnel's C.Rodrigues College of Engineering 17/03/2023   597.60   1 4825 06/08/2024 597.60 17/03/2023 BOOK 11/03/2024